000 00367nam a2200145Ia 4500
005 20251222141908.0
008 251222s9999||||xx |||||||||||||| ||spa||
020 _a968-880-372-3
082 _a658.314/R71
100 _aRobbins, Stephen P.
245 0 _aComportamiento Organizacional:
250 _a6a.ed.
264 _bPRENTICE HALL HISPANOAMERICANA
942 _cLIB
999 _c8289
_d8289